[Event "Capablanca Memorial op 21st"]
[Site "Fortaleza"]
[Date "2006.11.23"]
[Round "3"]
[White "De Souza, Airton Ferreira"]
[Black "Lucena, Lincoln"]
[Result "0-1"]
[WhiteElo "2010"]
[BlackElo "2118"]
[PlyCount "90"]
[EventDate "2006.11.22"]
[EventType "swiss"]
[EventRounds "6"]
[EventCountry "BRA"]
[SourceTitle "EXT 2022"]
[Source "ChessBase"]
[SourceDate "2021.10.06"]
[SourceVersion "1"]
[SourceVersionDate "2021.10.06"]
[SourceQuality "1"]

1. e4 c5 2. c3 d5 3. exd5 Qxd5 4. d4 Nf6 5. Nf3 e6 6. Na3 cxd4 7. Nb5 Na6 8. Nbxd4 Nc7 9. Bd3 Be7 10. Bf4 Qd8 11. 0-0 0-0 12. c4 Bd7 13. Qe2 Na6 14. Rac1 Nc5 15. Bb1 Qb6 16. Rfd1 Rfd8 17. Ne5 Be8 18. Be3 Rac8 19. Nd3 Nxd3 20. Rxd3 Qc7 21. b3 b5 22. Rdd1 Ba3 23. Rc2 bxc4 24. Rxc4 Qb7 25. Rxc8 Qxc8 26. Nc2 Bd6 27. Rc1 Qb8 28. h3 Nd5 29. Bd4 Bf4 30. Ne3 e5 31. Bc5 g6 32. Be4 Bb5 33. Qb2 Nf6 34. Bb1 Rd7 35. Re1 Qc7 36. b4 Qd8 37. g3 Rd2 38. Qc3 Bxe3 39. Bxe3 Rd1 40. Bc2 Rxe1+ 41. Qxe1 Qd5 42. Bb3 Qd7 43. Qd2 Qxh3 44. Qd8+ Kg7 45. Qe7 Qf1+ 0-1

[Event "Capablanca Memorial op 21st"]
[Site "Fortaleza"]
[Date "2006.11.22"]
[Round "2"]
[White "Silva, Antonio Helder Da"]
[Black "De Souza, Airton Ferreira"]
[Result "0-1"]
[WhiteElo "1921"]
[BlackElo "2010"]
[PlyCount "86"]
[EventDate "2006.11.22"]
[EventType "swiss"]
[EventRounds "6"]
[EventCountry "BRA"]
[SourceTitle "EXT 2022"]
[Source "ChessBase"]
[SourceDate "2021.10.06"]
[SourceVersion "1"]
[SourceVersionDate "2021.10.06"]
[SourceQuality "1"]

1. e4 e5 2. Nf3 Nc6 3. Bb5 Nf6 4. 0-0 Nxe4 5. Re1 Nd6 6. Nxe5 Be7 7. Nc3 Nxb5 8. Nxb5 Nxe5 9. Rxe5 d6 10. Re1 0-0 11. d4 c6 12. Nc3 Bf5 13. Bf4 d5 14. Qd2 Qd7 15. Nd1 Rfe8 16. Ne3 Bg6 17. c3 Bf6 18. Re2 Re4 19. Bg3 Rae8 20. Rae1 Qe7 21. f3 Re6 22. Kf2 h5 23. h3 Bg5 24. Be5 f6 25. Bg3 f5 26. Be5 f4 27. Nf1 Qf7 28. Kg1 Bh4 29. Rd1 Qf5 30. c4 Bf6 31. cxd5 cxd5 32. Qa5 Bxe5 33. dxe5 Rxe5 34. Red2 Bf7 35. Qxa7 R8e7 36. Rc1 Re2 37. Qd4 Qg6 38. Rxe2 Rxe2 39. g4 fxg3 40. Ne3 Qe6 41. Ng2 Qxh3 42. Nf4 Qh2+ 43. Kf1 Rf2+ 0-1